00918nam a22002657a 45000010005000000030006000050050017000110080041000280200018000690400029000870500016001160820010001321000020001422450045001622500046002072600038002533000050002915050008003415200174003495210029005235210020005526500029005726500031006016500020006327717FISKH20260319153953.0250801b cb ||||| |||| 00| 0 eng d a9780590925693 aFISKHbengcFISKHdFISKH aPZ7.R1936 O a813.5 aRathmann, Peggy aOfficer and gloria /cBy Peggy Rathmann  aFirst Scholastic printing, September 1996 aNew York : bScholastic , c1995. a35 pages : bcolor illustrations ; c28 cm .  aK  aThe children at Napville Elementary School always ignore Officer Buckle's safety tips, until a police dog named Gloria accompanies him when he gives his safety speeches.8 a510 bLexile estimate 8 aK bRaz-Plus  aCaldecott MedalvFiction aCommunity helpersvFiction aSafteyvFiction